000
00296nam a2200121Ia 4500
008
190216s9999||||xx |||||||||||||| ||und||
100
_a
David M Burton
245
4
_a
The History Of Mathematics And Introductions
260
_b
Mcgraw -hill
300
_a
788
650
_a
Mathematics
942
_c
BK
999
_c
32030
_d
32030